| 000 | 00705nam a22002537a 4500 | ||
|---|---|---|---|
| 003 | UA-OsUOA | ||
| 001 | 56592 | ||
| 007 | ta | ||
| 008 | 20081104b un ||||| |||| 00| 0 ukr d | ||
| 100 | _aКлименко О. | ||
| 700 | _aХаварівський Б. | ||
| 090 |
_a929.6(477.84) _bК49 |
||
| 942 | _cBK | ||
| 040 |
_aUA-OsUOA _bukr _cUA-OsUOA _dUA-OsUOA |
||
| 245 | _aМіська геральдика Тернопільщини 76 | ||
| 300 | _a500 с. | ||
| 955 | _a2 | ||
| 041 | _aukr | ||
| 080 | _a929.6(477.84) | ||
| 020 | _a966-528-179-8 | ||
| 260 |
_aТернопіль _bВоля _c2003 |
||
| 650 | 7 |
_a9 Географія. Біографії. Історія _2UDC |
|
| 999 |
_c342678 _d342678 |
||